Південноукраїнські джерела в історії формування української літературної мови (Запис № 418306)

МАРК-запис
000 -Лідер
fixed length control field 01571nam a22002777a 4500
003 - Ідентифікатор контрольного номера
control field UA-OsUOA
001 - Контрольний номер
control field 130291
007 - Фіксоване поле фізичного опису
fixed length control field ta
008 - Елементи даних фіксованої довжини – загальна інформація
fixed length control field 20180419b un ||||| |||| 00| 0 ukr d
090 ## - Локальний шифр розміщення
Класифікаційний індекс УДК 811.161.2'373
Авторський знак (НП) П58
040 ## - Джерело каталогізації
Агенція оригінальної каталогізації UA-OsUOA
Мова каталогізації ukr
Агенція, яка здійснювала перезапис UA-OsUOA
Агенція, яка здійснювала модифікацію UA-OsUOA
041 ## - Код мови
Код мови тексту/ звукової доріжки чи окремого заголовка (П) ukr
080 ## - Індекс Універсальної десяткової класифікації
Індекс Універсальної десяткової класифікації (УДК) (НП) 811.161.2'373
020 ## - Міжнародний стандартний книжковий номер (ISBN)
Міжнародний стандартний книжковий номер (ISBN) (НП) 978-966-383-863-2
100 ## - Основне введення – ім’я особи
Ім’я особи (НП) Поповський А. М.
245 ## - Відомості про назву
Назва (НП) Південноукраїнські джерела в історії формування української літературної мови
Решта назви (НП) монографія
260 ## - Публікація, розповсюдження і т.п. (Вихідні дані)
Місце публікації, розповсюдження і т.п. (П) Дніпро
Ім’я/ наймення видавництва, розповсюджувача і т.п. (П) Ліра
Дата публікації, розповсюдження і т.п. (П) 2018
300 ## - Фізичний опис
Обсяг 324 с.
591 ## - Дарувальник
Назва організації Поповський А. М.
520 3# - Резюме і т.п.
Резюме, реферат, анотація, тощо (НП) Зміст1. Значення південноукраїнських степових говорів у формуванні літературно-національної мови2. Нормативні тенденції в мові фольклору Південної України ХІХ - початку ХХ століття3. Мова фольклору та художньої літератури Південної України ХІХ -
520 3# - Резюме і т.п.
Резюме, реферат, анотація, тощо (НП) початку ХХ століття4. Значення навчальних посібників Південної України в унормуванні літературно-національної мови
650 #7 - Додаткове предметне введення – тематичний термін
Тематичний термін чи географічна назва, як елемент введення (НП) 8 Мовознавство. Художня література. Літературознавство
Джерело заголовка чи терміна UDC
942 ## - Додаткові елементи входу (Коха)
Тип елемента Koha Книги
955 ## - Код типу видання за змістом
Код типу видання за змістом (НП) Наукові видання
Фонди
Стан вилучень Стан втрат Джерело класифікації або схеми стелажів Стан уражень Не для кредиту Постійне місце розташування Поточне розміщення Дата придбання Джерело придбання Вартість, звичайна ціна покупки Інвентарний номер Усього замовленно Повний номер виклику Штрих-код Дата останнього перегляду Ціна ефективна від Тип елемента Koha Примітка, призначена для загального доступу
    Universal Decimal Classification     ЧЗ - Читальна зала ЧЗ - Читальна зала 19/04/2018 17/2018 38.00 158726   811.161.2'373 П58 158726 15/11/2021 19/04/2018 Книги  
    Universal Decimal Classification     ЧЗ - Читальна зала ЧЗ - Читальна зала 22/02/2019 9/2019 38.00 161116   811.161.2'373 П58 161116 09/11/2021 19/04/2018 Книги з автографом А. Поповського